| 000 | 00420 a2200133 4500 | ||
|---|---|---|---|
| 001 | 92287 | ||
| 082 | _aPR 2531 | ||
| 090 |
_c44241 _d44242 |
||
| 100 | _aMuhammad Ibrahim and Anam Pervaiz; Prof Ali Javed Hashmi and Khurram Mahmud (Advisors) | ||
| 245 |
_aDevelopment of GSM Protocol Analyzer to Monitor Channel Traffic _c78 "B" EC |
||
| 260 |
_aIslamabad _bNUST _c2015 |
||
| 300 | _a190p. | ||
| 500 | _aBE Project Reports | ||
| 942 |
_aCAE NUST _kPR 2531 |
||
| 999 |
_c327360 _d327360 |
||